<?xml version="1.0" encoding="UTF-8"?>
<record
    xmlns:xsi="http://www.w3.org/2001/XMLSchema-instance"
    xsi:schemaLocation="http://www.loc.gov/MARC21/slim http://www.loc.gov/standards/marcxml/schema/MARC21slim.xsd"
    xmlns="http://www.loc.gov/MARC21/slim">

  <leader>01463nam a2200397   4500</leader>
  <controlfield tag="003">OSt</controlfield>
  <controlfield tag="005">20260601193851.0</controlfield>
  <controlfield tag="008">260507b1999    mx ||||| |||| 00| 0 spa d</controlfield>
  <datafield tag="040" ind1=" " ind2=" ">
    <subfield code="a">ICI</subfield>
    <subfield code="b">SPA</subfield>
    <subfield code="c">ICI</subfield>
  </datafield>
  <datafield tag="041" ind1=" " ind2=" ">
    <subfield code="a">SPA</subfield>
  </datafield>
  <datafield tag="050" ind1=" " ind2=" ">
    <subfield code="a">TP897 L66 1999</subfield>
  </datafield>
  <datafield tag="100" ind1=" " ind2="1">
    <subfield code="a">L&#xF3;pez Castro, Rafael</subfield>
    <subfield code="9">3345</subfield>
  </datafield>
  <datafield tag="245" ind1=" " ind2="1">
    <subfield code="a">Rafael L&#xF3;pez Castro.</subfield>
  </datafield>
  <datafield tag="260" ind1=" " ind2=" ">
    <subfield code="a">M&#xE9;xico :</subfield>
    <subfield code="b">Consejo de Dise&#xF1;adores de M&#xE9;xico,</subfield>
    <subfield code="c">1999.</subfield>
  </datafield>
  <datafield tag="264" ind1=" " ind2=" ">
    <subfield code="b">Biblioteca de Dise&#xF1;o Quorum</subfield>
    <subfield code="c">1999</subfield>
  </datafield>
  <datafield tag="300" ind1=" " ind2=" ">
    <subfield code="a">72 paginas</subfield>
    <subfield code="b">ilustraciones.</subfield>
  </datafield>
  <datafield tag="336" ind1=" " ind2=" ">
    <subfield code="a">texto</subfield>
    <subfield code="2">rdacontent</subfield>
  </datafield>
  <datafield tag="337" ind1=" " ind2=" ">
    <subfield code="a">sin medio</subfield>
    <subfield code="2">rdamedia</subfield>
  </datafield>
  <datafield tag="338" ind1=" " ind2=" ">
    <subfield code="a">volumen</subfield>
    <subfield code="2">rdacarrier</subfield>
  </datafield>
  <datafield tag="490" ind1=" " ind2=" ">
    <subfield code="a">Biblioteca de Dise&#xF1;o Qu&#xF3;rum</subfield>
  </datafield>
  <datafield tag="600" ind1=" " ind2=" ">
    <subfield code="a">L&#xF3;pez Castro, Rafael</subfield>
    <subfield code="x">Cat&#xE1;logos</subfield>
    <subfield code="9">32254</subfield>
  </datafield>
  <datafield tag="650" ind1=" " ind2=" ">
    <subfield code="a">Dise&#xF1;o gr&#xE1;fico</subfield>
    <subfield code="x">M&#xE9;xico.</subfield>
  </datafield>
  <datafield tag="650" ind1=" " ind2=" ">
    <subfield code="a">Carteles mexicanos.</subfield>
    <subfield code="9">32256</subfield>
  </datafield>
  <datafield tag="651" ind1=" " ind2=" ">
    <subfield code="a">Arte gr&#xE1;fico mexicano.</subfield>
    <subfield code="9">32257</subfield>
  </datafield>
  <datafield tag="651" ind1=" " ind2=" ">
    <subfield code="a">Ilustraci&#xF3;n mexicana.</subfield>
    <subfield code="9">32258</subfield>
  </datafield>
  <datafield tag="651" ind1=" " ind2=" ">
    <subfield code="a">Dise&#xF1;adores gr&#xE1;ficos</subfield>
    <subfield code="x">M&#xE9;xico</subfield>
    <subfield code="9">32259</subfield>
  </datafield>
  <datafield tag="700" ind1=" " ind2=" ">
    <subfield code="a">Calder&#xF3;n Eduardo</subfield>
    <subfield code="e">Coordinaci&#xF3;n editorial</subfield>
  </datafield>
  <datafield tag="700" ind1=" " ind2=" ">
    <subfield code="a">Contreras Helena</subfield>
    <subfield code="e">Auxiliar de Coordinaci&#xF3;n</subfield>
    <subfield code="9">32261</subfield>
  </datafield>
  <datafield tag="700" ind1=" " ind2=" ">
    <subfield code="a">Mireles Dise&#xF1;o</subfield>
    <subfield code="e">Dise&#xF1;o</subfield>
    <subfield code="9">32262</subfield>
  </datafield>
  <datafield tag="700" ind1=" " ind2=" ">
    <subfield code="a">Comesa&#xF1;a Mar&#xED;a de los &#xC1;ngeles </subfield>
    <subfield code="e">Supervisi&#xF3;n de redacci&#xF3;n</subfield>
    <subfield code="9">32263</subfield>
  </datafield>
  <datafield tag="700" ind1=" " ind2=" ">
    <subfield code="a">Mozka Richard </subfield>
    <subfield code="e">Traductor</subfield>
    <subfield code="9">32264</subfield>
  </datafield>
  <datafield tag="700" ind1=" " ind2=" ">
    <subfield code="a">Edgar Espinoza Studios S.C.</subfield>
    <subfield code="e">Ftgraf&#xED;a obra</subfield>
    <subfield code="9">32265</subfield>
  </datafield>
  <datafield tag="700" ind1=" " ind2=" ">
    <subfield code="a">Comit&#xE9; XPremio Qu&#xF3;rum</subfield>
    <subfield code="e">Edici&#xF3;n</subfield>
    <subfield code="9">32266</subfield>
  </datafield>
  <datafield tag="700" ind1=" " ind2=" ">
    <subfield code="a">Champange Fine Printing</subfield>
    <subfield code="e">Selecciones de color e impresi&#xF3;n</subfield>
    <subfield code="9">32267</subfield>
  </datafield>
  <datafield tag="942" ind1=" " ind2=" ">
    <subfield code="2">lcc</subfield>
    <subfield code="c">B</subfield>
    <subfield code="n">1</subfield>
  </datafield>
  <datafield tag="999" ind1=" " ind2=" ">
    <subfield code="c">21845</subfield>
    <subfield code="d">21845</subfield>
  </datafield>
  <datafield tag="952" ind1=" " ind2=" ">
    <subfield code="0">0</subfield>
    <subfield code="1">0</subfield>
    <subfield code="2">lcc</subfield>
    <subfield code="4">0</subfield>
    <subfield code="7">0</subfield>
    <subfield code="a">BDIMFM</subfield>
    <subfield code="b">BDIMFM</subfield>
    <subfield code="d">2026-05-07</subfield>
    <subfield code="l">0</subfield>
    <subfield code="o">TP897 L66 1999</subfield>
    <subfield code="p">BDIMFM000317</subfield>
    <subfield code="r">2026-05-07 00:19:00</subfield>
    <subfield code="t">Ej. 2</subfield>
    <subfield code="w">2026-05-07</subfield>
    <subfield code="y">B</subfield>
  </datafield>
  <datafield tag="952" ind1=" " ind2=" ">
    <subfield code="0">0</subfield>
    <subfield code="1">0</subfield>
    <subfield code="2">lcc</subfield>
    <subfield code="4">0</subfield>
    <subfield code="7">0</subfield>
    <subfield code="a">BDIMFM</subfield>
    <subfield code="b">BDIMFM</subfield>
    <subfield code="d">2026-05-07</subfield>
    <subfield code="l">0</subfield>
    <subfield code="o">TP897 L66 1999</subfield>
    <subfield code="p">BDIMFM001006</subfield>
    <subfield code="r">2026-05-07 19:19:00</subfield>
    <subfield code="t">Ej. 1</subfield>
    <subfield code="w">2026-05-07</subfield>
    <subfield code="y">B</subfield>
  </datafield>
  <datafield tag="952" ind1=" " ind2=" ">
    <subfield code="0">0</subfield>
    <subfield code="1">0</subfield>
    <subfield code="2">lcc</subfield>
    <subfield code="4">0</subfield>
    <subfield code="7">0</subfield>
    <subfield code="a">BDIMFM</subfield>
    <subfield code="b">BDIMFM</subfield>
    <subfield code="d">2026-05-08</subfield>
    <subfield code="l">0</subfield>
    <subfield code="o">TP897 L66 1999</subfield>
    <subfield code="p">BDIMFM001122</subfield>
    <subfield code="r">2026-05-08 20:47:00</subfield>
    <subfield code="t">Ej. 3</subfield>
    <subfield code="w">2026-05-08</subfield>
    <subfield code="y">B</subfield>
  </datafield>
</record>
